Vulcanized rubber coating on mud wall for durability (Record no. 52548)

MARC details
000 -LEADER
fixed length control field 00463nam a2200133Ia 4500
100 ## - MAIN ENTRY--AUTHOR NAME
Personal name Joseph J.[c]
245 #0 - TITLE STATEMENT
Title Vulcanized rubber coating on mud wall for durability
260 ## - PUBLICATION, DISTRIBUTION, ETC. (IMPRINT)
Name of publisher National Symposium on Impact of Chemistry on Life and Society, 1-3 October 2004, Department of Chemsitry, Tripura University, Agartala
Year of publication 2004
650 ## - SUBJECT ADDED ENTRY--TOPICAL TERM
Topical Term Mud wall
650 ## - SUBJECT ADDED ENTRY--TOPICAL TERM
Topical Term Rubber coating
700 ## - ADDED ENTRY--PERSONAL NAME
Personal name Dey S.K.
942 ## - ADDED ENTRY ELEMENTS (KOHA)
Koha item type Bibliography STAF
Holdings
Withdrawn status Lost status Damaged status Not for loan Home library Current library Date acquired Koha item type
      Bibliography RRII Library RRII Library 09/04/2014 Bibliography STAF